00910nam a2200241 u 4500001001000000003000900010005001700019008004100036020001500077040002500092082001700117110001800134245017900152260003000331300002100361650002400382650002900406650004000435650004100475942001400516952012100530999001700651000023188DO-SdBNP20240529114208.0101130s1978 fr r 000 0 spa d a9233015254 aDO-SdBNPbspacBNPHU a301.24bU56i2 aUnesco91980510aIdeas para la acción :bla Unesco frente a los problemas de oy y el reto del mañana /cOrganización de las Naciones Unidas para la Educación, la Ciencia y la Cultura. a[Paris] :bUnesco,c1978. a392 p. ;c24 cm. 0aCambio social91661 0aProblemas sociales99290 4aTecnología y civilización94626 4aSociología de la educación97856 2ddccLBS1 001054708MOaGRbGRcCTd2010-11-30iLF1l0o301.24 U56ip23188-10r2020-06-25w2020-06-25y4ZPréstamo en sala c22685d22685